000 00338nam a2200133 i 4500
001 bg
100 1 _aWALLACE, M. J.
245 0 _aTraining Foreign Language Teachers :
_bA reflective approach /
_cM.J. Wallace.
260 _aCambridge,
_c1991.
040 _cBPK
041 _apol
942 _cKS
008 s pl f |000 0 pol
999 _c5547
_d5547
856 _uhttp://koha.tu.koszalin.pl/cgi-bin/koha/opac-detail.pl?biblionumber=5547
_yKatalog online BPK